000 00458nam a2200157Ia 4500
003 GCL
008 140319s9999 xx 000 0 eng d
040 _aGCL /
_cGCL
082 0 4 _a004.0248
_bT A
100 1 _aTAVAGLIONE, DAVID
245 1 0 _aACRONYNS AND ABBREVIETS OF COMPUTER TECHNOLOGY AND TELECOMMUNICATION /
_cTAVAGLIONE, DAVID
260 _a[S.N] :
_bMARCEL DEKKER, INC ،
_c1992
300 _a291 P
650 0 4 _aTELECOMMUNICATION
942 _2ddc
_cBK
999 _c20455
_d20455